MARC

LEADER 00000nbm0a2200000 4500
001 46854
005 20231031025112.0
035 |a (RuTPU)RU\TPU\book\48913 
090 |a 46854 
100 |a 20030128d1987 k y0rusy50 ca 
101 0 |a rus 
102 |a RU 
105 |a a m 001zy 
200 1 |a Зарядные и пусковые схемы мегавольтных гин для частотного режима работы  |e диссертация на соискание ученой степени кандидата технических наук  |e Спец. 05.14.12.  |f С. Н. Рукин  |g Академия наук СССР Уральское отделение. Институт электрофизики; Академия наук СССР Сибирское отделение. Институт химической кинетики и горения; науч. рук. Ю. А. Котов 
210 |a Свердловск  |d 1987 
215 |a 162 л.  |c ил. 
320 |a Библиогр.: с. 143-155 (131 назв.). 
610 1 |a высокие напряженийя 
610 1 |a зарядные 
610 1 |a пусковые 
610 1 |a схемы 
610 1 |a режимы работы 
610 1 |a генераторы 
610 1 |a экспериментальные установки 
610 1 |a импульсное напряжение 
610 1 |a диссертации 
675 |a 621.373.14(048)  |v 3 
686 |a 05.14.12.  |2 oksvnk 
700 1 |a Рукин  |b С. Н.  |g Сергей Николаевич 
702 1 |a Котов  |b Ю. А.  |4 727 
712 0 2 |a Академия наук СССР (АН СССР)  |b Уральский научный центр (УНЦ)  |b Институт электрофизики (ИЭФ)  |c (Свердловск)  |2 stltpush  |3 (RuTPU)RU\TPU\col\947 
712 0 2 |a Академия наук СССР (АН СССР)  |b Сибирское отделение (СО)  |b Институт химической кинетики и горения (ИХКГ)  |c (Новосибирск)  |2 stltpush  |3 (RuTPU)RU\TPU\col\13432 
801 1 |a RU  |b 63413507  |c 20030128  |g PSBO 
801 2 |a RU  |b 63413507  |c 20140521  |g PSBO 
942 |c BK